Význam anamnestických příčin rizikového těhotenství

Podrobná bibliografia
Hlavní autori: Macků, František, 1919-2000 (Autor), Rokytová, Věra, 1937- (Autor)
Médium: Článok
Jazyk:slovenčina
čeština
Fyzický popis:Tb. 5. Res. angl., lit. 5 zázn. v češ.
Predmet:

MARC

LEADER 00000nab a2200000 a 4500
001 vtls000330283
003 SK-MaSNL
005 20260304082254.0
008 250424c1988 xo 0 slo
015 |a SNBRB19rr/mm-uuuuu 
035 |a CL0330405 
035 |a urn:nbn:sk:snk-ab84f 
035 |a (urnnbn)urn:nbn:sk:snk:ar-a03ehx 
035 |a (uuid)783287db-bc62-49dd-a250-1ea2b87bf274 
040 |a SNKBUCL  |b slo  |c SNKBUCL  |e AACR2 
041 0 |a cze 
044 |a xo  |c SK 
080 |a 618.3-06  |2 1981 
100 1 |a Macků, František,  |d 1919-2000  |4 aut  |9 93195 
245 1 0 |a Význam anamnestických příčin rizikového těhotenství  |c František Macků, Věra Rokytová 
300 |b Tb. 5. Res. angl., lit. 5 zázn. v češ. 
650 0 7 |a gravidita riziková  |2 snkbucl  |9 856751 
655 7 |a články z novín a časopisov  |2 snkbucl  |9 267496 
700 1 |a Rokytová, Věra,  |d 1937-  |4 aut  |9 93194 
773 0 |t Bratislavské lekárske listy  |g Roč. 89, č. 5 (1988), s. 366-368 
850 |a Slovenská národná knižnica 
852 |a Slovenská národná knižnica 
954 |a odborná, vedecká literatúra cudzojazyčná (svetová)  |2 lita 
958 |a article27 
958 |a NB 
958 |a RK 
958 |a MI 
958 |a CZ 
958 |a OND 
958 |a EUIPO 
992 |a RBX 
999 |c 2795041  |d 2796971